000 02415nam0a22004211 4500
001 rc\4214754
005 20260407072605.0
010 _bВ пер.
_d28 р.
_92000
021 _aRU
_b[50-18298]
035 _a(NLR Aleph) 008211333
090 _a8098454
_c8098454
100 _a20130415d1950 |||y0rusy50 ca
101 0 _arus
_alat
102 _aRU
105 _aab z |||||
200 1 _aФауна СССР
_aНасекомые таракановые
_fГ.Я. Бей-Биенко
_gглав. ред. акад. Е.Н. Павловский, ред. А.А. Штакельберг
210 _aМосква
_aЛенинград
_cиздательство и 1-я типография Издательства Академии наук СССР
_d1950
_eв Ленинграде
215 _a344 с.
_cил., карт.
_d26
225 1 _aНовая серия
_fЗоологический ин-т Акад. наук СССР
_v№ 40
320 _aБиблиогр.: с. 100-107
461 0 _1001rc\4214753
_12001#$aФауна СССР$i[Таракановые]$fглав. ред. акад. Е.Н. Павловский
_98098448
_cМосква
_d1950
_fглав. ред. акад. Е.Н. Павловский
_i[Таракановые]
_nиздаельство и 1-я типография Издательства Академии наук СССР
_tФауна СССР
540 1 _aТаракановые
606 1 _aЖивотные
_yСССР
_91000809
_3RU\NLR\AUTH\6661770
606 1 _aТаракановые
_91752419
_3RU\NLR\AUTH\66785167
606 1 _aТараканы
_91455827
_3RU\NLR\AUTH\66617244
686 0 _aЕ685.9(2)
_2rubbk
686 0 _aЕ691.892.3(2)
_2rubbk
700 1 _7ca
_8rus
_aБей-Биенко
_bГ. Я.
_f1903-1971
_gГригорий Яковлевич
_9106734
_3RU\NLR\AUTH\77123809
702 _4570
_7ca
_8rus
_aПавловский
_bЕ. Н.
_f1884-1965
_gЕвгений Никанорович
_9176841
_3RU\NLR\AUTH\770176892
702 1 _4340
_7ca
_8rus
_aШтакельберг
_bА. А.
_f1897-1975
_gАлександр Александрович
_9244390
_3RU\NLR\AUTH\770244446
712 0 2 _4650
_aЗоологический институт
_cЛенинград
_9273993
_3RU\NLR\AUTH\881770
801 0 _aRU
_bNLR
_c20130415
_gpsbo
801 1 _aRU
_bELAR
_c20130415
_2rusmarc
801 2 _aRU
_bNLR
_c20141226
_2rusmarc
852 _aNLR
_jЗ02 Г-7/65
942 _cBOOK
980 _aNB